000 00569nam a22001697a 4500
005 20260218145828.0
008 260218b |||||||| |||| 00| 0 eng d
020 _a9789387791350
040 _cVITAP
082 _223rd Ed.
_a235.2 HIN
100 _aThe Hindu Group
_917059
245 _aSri Raghavendra Swamy
_b: The Living Saint of Mantralayam
_c/ The Hindu Group
260 _aChennai
_bTHG (The Hindu Group) Publishing Private Limited
_c2019
300 _a96p. : ill. ; 30cm
650 0 _aLiving Saint; Sri Raghavendra Swamy; Mantralayam
_917108
942 _2ddc
_cREF
999 _c47286
_d47286